000 00667nam a2200229 a 4500
005 20220928063452.0
008 991125m19872002mx 000 0 spa u
020 _a968230945X
020 _a9682317207 (Reimpresión)
035 _aUPN01000057249
049 _aCG
050 4 _aD131
_bA5.88 1987
100 1 _aAnderson, Perry,
_d1938-
_928726
245 1 0 _aTransiciones de la antigüedad al feudalismo /
_cpor Perry Anderson ; tr. Santos Julia.
250 _a11a ed.
260 _aMéxico :
_bSiglo XXI,
_c1987 (2002 impr.).
300 _a312 p.
440 0 _aHistoria
650 4 _aFEUDALISMO
_920762
650 7 _aHistoria antigua
_2
_915578
905 _aLibro
999 _c57249
_d57249